World Citites: Only Consonants - Statistics

General Stats
  • This quiz has been taken 39 times
  • The average score is 26 of 28
Answer Stats
Consonants City % Correct
NWYRK New York
100%
MSTRDM Amsterdam
97%
BNGKK Bangkok
97%
BJNG Beijing
97%
BRSSLS Brussels
97%
DB Dubai
97%
MXCCT Mexico City
97%
MSCW Moscow
97%
NWDLH New Delhi
97%
SHNGH Shanghai
97%
CPTWN Capetown
95%
HNGKNG Hong Kong
95%
JRSLM Jerusalem
95%
RM Rome
95%
BRLN Berlin
92%
STNBL Istanbul
92%
LGS Lagos
92%
LSNGLS Los Angeles
92%
TKY Tokyo
92%
THNS Athens
89%
PRS Paris
89%
DHK Dhaka
87%
KRCH Karachi
87%
MMB Mumbai
87%
TRNT Toronto
87%
CR Cairo
79%
SL Seoul
71%
RDJNR Rio de Janeiro
58%
No matching quizzes found
Score Distribution
Percent of People with Each Score
Percentile by Number Answered
Your Score History
You have not taken this quiz